000 00361nas a2200157 a 4500
001 53406
003 123958
005 20201118102915.0
008 ||||||n9999 ||| || ||
041 _aspa
245 0 _aAmbito Jurídico - Vol.1 No.12
260 _aBogotá :
_bLegis,
_c1998.
562 _e1
773 _052719
_aAmbito Jurídico
942 _cSISS
999 _c53406
_d53406